000 01260nam a2200265 i 4500
001 182573
003 ES-MaACL
005 20240514173345.0
008 130927e1865 sp a | |||||||| | spa d
080 _a908(460.287)
080 _a94(460.287)
100 1 _aHosta, José de.
_9153469
245 1 0 _aCrónica de la provincia de Ciudad-Real /
_cpor José de Hosta.
260 _aMadrid :
_bAquiles Ronchi,
_c1865.
300 _a95 p., [5] h. de lám., [1] h. de mapa :
_bil. ;
_c32 cm.
490 1 _aCrónica general de España, o sea Historia ilustrada y descriptiva de sus provincias, sus poblaciones más importantes de la península y posesiones de Ultramar
530 _aDisponible en formato digital.
597 _aTexto a dos columnas.
651 4 _aCiudad Real (Provincia)-
_xHistoria.
_9153470
651 4 _aCiudad Real (Provincia)-
_xDescripción.
_9153471
830 1 _aCrónica general de España, o sea Historia ilustrada y descriptiva de sus provincias, sus poblaciones más importantes de la península y posesiones de Ultramar
_9224862
852 4 _aES-MaACL
_jC-1577(5)
_z- Encuadernado con otras obras
856 4 _uhttp://bdh-rd.bne.es/viewer.vm?id=0000235421&page=1
_zBiblioteca Digital Hispánica
999 _c182573
_d182573